Magic cube [juego] /
Guardado en:
| Formato: | Objeto Físico |
|---|---|
| Publicado: |
China (republic :
1949- ) : Funny,
[201?]
|
| Materias: | |
| Etiquetas: |
Agregar Etiqueta
Sin Etiquetas, Sea el primero en etiquetar este registro!
|
| LEADER | 00679nrm a22001575g 4500 | ||
|---|---|---|---|
| 001 | CEM.cems019479 | ||
| 008 | 130507b201?##################0###0#####d | ||
| 005 | 20220830190631.0 | ||
| 245 | 0 | 0 | |a Magic cube [juego] / |c Brains Exploitation |
| 260 | |a China (republic : |b 1949- ) : |b Funny, |c [201?] | ||
| 300 | |a 1 juego (1 cubo articulado de 6 colores, móvil) ; en caja de 8 x 10 x 8 cm. | ||
| 500 | |a Para 1 jugador a partir de 12 años objetivo: mezclar los colores del cubo y conseguir volver al inicio. | ||
| 082 | 0 | 4 | |a J793.73 |
| 653 | |a 1. juegos de rompecabezas | ||
| 859 | |a CEMS |b BIB. CEMS - Ludoteca |h J793.73 |i B729 |p 454.17 |t Ej.1 | ||
| 859 | |a CEMS |b BIB. CEMS - Ludoteca |h J793.73 |i B729 |p 455.17 |t Ej.2 | ||
